000 00676nam a2200205Ii 4500
003 JO-AjNU
008 230605s9999||||xx |||||||||||||| ||und||
040 _aJO-AjNU
_bara
_erda
_cJO-AjNU
041 _aara
050 1 4 _aBP130.4.M8 1980
100 3 _aعبد الحميد، محسن، م.مشارك عبد الرحمن الدوري,
_eauthor
_910030
245 0 0 _aالتفسير
250 _aط1
264 3 1 _aبغداد: مؤسسة دار الكتب للطباعة والنشر، 1980
300 _a140ص
336 _atext
_btxt
_2rdacontent
337 _aunmediated
_bn
_2rdamedia
338 _avolume
_bnc
_2rdacarrier
650 4 _aقران كريم - تفسير
_910031
999 _aA1601
_c5169
_d5169